| 000 | 00631nam a2200133Ia 4500 | ||
|---|---|---|---|
| 008 | 170516s9999 xx 000 0 und d | ||
| 245 | _aThis paper explores cancer patients’ expectations from palliative therapies and the factors associated with the development of inaccurate beliefs about the goals of such treatments. The paper will also investigate the importance of complete disclosure of | ||
| 260 | _bJournal of Medical Radiation Sciences | ||
| 260 | _c2016 | ||
| 300 | _a63:4 | ||
| 650 | _xRadiologic Technology | ||
| 650 | _xRadtech | ||
| 856 | _uhttp://onlinelibrary.wiley.com/doi/10.1002/jmrs.2016.63.issue-4/issuetoc | ||
| 999 |
_c332920 _d332920 |
||